[Event "Euskadi-chTA"]
[Site "Euskadi"]
[Date "2001.02.10"]
[Round "9"]
[White "San Martin, JM."]
[Black "Portilla Arrieta, Juan Maria"]
[Result "1-0"]
[WhiteElo "2093"]
[BlackElo "1850"]
[PlyCount "57"]
[EventDate "2000.11.18"]
[EventType "team"]
[EventRounds "9"]
[EventCountry "ESP"]
[SourceTitle "EXT 2006"]
[Source "ChessBase"]
[SourceDate "2005.11.24"]
[SourceVersion "1"]
[SourceVersionDate "2005.11.24"]
[SourceQuality "1"]

1. e4 d5 2. d4 dxe4 3. Nc3 Nf6 4. f3 Bf5 5. fxe4 Nxe4 6. Qf3 Nd6 7. Bf4 Bxc2 8. Rc1 Bg6 9. Bxd6 exd6 10. Qxb7 Nd7 11. Nd5 Qh4+ 12. g3 Qe4+ 13. Be2 Rb8 14. Rxc7 Be7 15. Qc6 0-0 16. Rxd7 Bg5 17. Nf3 Qb1+ 18. Bd1 Rfe8+ 19. Ne7+ Bxe7 20. 0-0 Qxb2 21. Bb3 Bf6 22. Qxd6 Qe2 23. Rf2 Qe3 24. Kg2 Rf8 25. Rxa7 Be4 26. Rxf7 Bxf3+ 27. Rxf3 Qe2+ 28. Rf2 Qe4+ 29. Kh3 1-0